Countries Bordering the Same Two Countries #2 - Statistics

General Stats
  • This quiz has been taken 374 times
    327 since last reset
  • The average score is 16 of 20
Answer Stats
Countries Countries Bordering Both % Correct
Algeria; Libya Tunisia
97%
China; Laos Vietnam
94%
Oman; Saudi Arabia Yemen
93%
Israel; Palestine Jordan
91%
Oman; Saudi Arabia United Arab Emirates
91%
France; Germany Belgium
87%
Israel; Palestine Egypt
86%
China; Laos Burma
83%
France; Germany Luxembourg
83%
Albania; Serbia Kosovo
82%
Albania; Serbia Montenegro
82%
Kyrgyzstan; Tajikistan Uzbekistan
82%
France; Germany Switzerland
81%
Algeria; Libya Niger
77%
Albania; Serbia Macedonia
75%
Kyrgyzstan; Tajikistan China
69%
DR Congo; Tanzania Rwanda
67%
DR Congo; Tanzania Uganda
66%
DR Congo; Tanzania Burundi
63%
DR Congo; Tanzania Zambia
53%
No matching quizzes found
Score Distribution
Percent of People with Each Score
Percentile by Number Answered
Your Score History
You have not taken this quiz since the last reset